[Event "FRA-ch Blitz Online Qual"]
[Site "Europe Echecs INT"]
[Date "2020.05.16"]
[Round "13"]
[White "Fronius, Lino"]
[Black "Roussel, Matthieu"]
[Result "0-1"]
[WhiteElo "1313"]
[BlackElo "1577"]
[PlyCount "100"]
[EventDate "2020.05.16"]
[EventType "swiss (blitz)"]
[EventRounds "15"]
[EventCountry "FRA"]
[SourceTitle "CBM 196 Extra"]
[Source "ChessBase"]
[SourceDate "2020.07.31"]
[SourceVersion "1"]
[SourceVersionDate "2020.07.31"]
[SourceQuality "1"]

1. e4 e5 2. Nf3 Nc6 3. Bc4 Nf6 4. d3 Be7 5. Nc3 d6 6. Bg5 0-0 7. Qd2 h6 8. Bh4 Na5 9. Bb3 Nxb3 10. axb3 a6 11. Bxf6 Bxf6 12. Nd5 c6 13. Ne3 Be6 14. 0-0 d5 15. exd5 cxd5 16. Qb4 Qd7 17. Rad1 Rfe8 18. d4 e4 19. Ne5 Bxe5 20. dxe5 Qc7 21. Nxd5 Qxe5 22. Nc3 Rab8 23. Qxe4 Qxe4 24. Nxe4 Bg4 25. f3 Bf5 26. Nc3 Bxc2 27. Rd7 Bxb3 28. Rc1 b5 29. Ne4 Rbc8 30. Ra1 Rc6 31. Ra7 Ree6 32. Ra8+ Kh7 33. h3 Bd5 34. Ng3 Rg6 35. Ne4 Bxe4 36. fxe4 Rc2 37. R8xa6 Rgxg2+ 38. Kf1 Rxb2 39. Ra7 Rh2 40. Kg1 Rbg2+ 41. Kf1 Rf2+ 42. Kg1 Rhg2+ 43. Kh1 Rg3 44. Rb7 Rxh3+ 45. Kg1 Rfh2 46. Raa7 Rb2 47. Rxf7 Rg3+ 48. Kf1 Rg4 49. Rae7 Kg8 50. Rb7 Rg6 0-1

[Event "FRA-ch Blitz Online Qual"]
[Site "Europe Echecs INT"]
[Date "2020.05.16"]
[Round "3"]
[White "Martinez Martinez, Mateo"]
[Black "Roussel, Matthieu"]
[Result "0-1"]
[WhiteElo "1917"]
[BlackElo "1577"]
[PlyCount "86"]
[EventDate "2020.05.16"]
[EventType "swiss (blitz)"]
[EventRounds "15"]
[EventCountry "FRA"]
[SourceTitle "CBM 196 Extra"]
[Source "ChessBase"]
[SourceDate "2020.07.31"]
[SourceVersion "1"]
[SourceVersionDate "2020.07.31"]
[SourceQuality "1"]

1. d4 d5 2. c4 dxc4 3. Nf3 Nf6 4. e3 Bg4 5. Bxc4 e6 6. 0-0 Be7 7. h3 Bh5 8. Nc3 Nbd7 9. Be2 0-0 10. e4 c6 11. Rb1 Bb4 12. Qc2 Qb6 13. a3 Be7 14. Be3 Qc7 15. b4 Bg6 16. Bd3 e5 17. dxe5 Nxe5 18. Nxe5 Qxe5 19. f4 Qc7 20. f5 Bh5 21. g4 Bxg4 22. hxg4 Nxg4 23. Bf4 Qb6+ 24. Kg2 Bd6 25. Na4 Qc7 26. Qc1 Rad8 27. Be2 Nf6 28. Bxd6 Qxd6 29. Bf3 Rfe8 30. Re1 Qe5 31. Qc3 Qc7 32. Nc5 Re5 33. Nd3 Ree8 34. Rbc1 Qb6 35. Nc5 Qc7 36. e5 Nd5 37. Bxd5 Rxd5 38. e6 fxe6 39. fxe6 Rg5+ 40. Kh3 Qf4 41. Re4 Rh5+ 42. Kg2 Rh2+ 43. Kg1 Qf2# 0-1

[Event "FRA-ch Blitz Online Qual"]
[Site "Europe Echecs INT"]
[Date "2020.05.16"]
[Round "9"]
[White "Oney, Remel"]
[Black "Roussel, Matthieu"]
[Result "1-0"]
[WhiteElo "1781"]
[BlackElo "1577"]
[PlyCount "111"]
[EventDate "2020.05.16"]
[EventType "swiss (blitz)"]
[EventRounds "15"]
[EventCountry "FRA"]
[SourceTitle "CBM 196 Extra"]
[Source "ChessBase"]
[SourceDate "2020.07.31"]
[SourceVersion "1"]
[SourceVersionDate "2020.07.31"]
[SourceQuality "1"]

1. d4 d5 2. Bf4 Nf6 3. e3 c5 4. c3 Nc6 5. Nd2 Qb6 6. Qc2 c4 7. Ngf3 e6 8. Be2 Be7 9. h3 0-0 10. Ne5 Nxe5 11. Bxe5 Nd7 12. Bh2 Bd6 13. Nf3 Bxh2 14. Nxh2 Nf6 15. Ng4 Nxg4 16. hxg4 g6 17. Rh3 f5 18. 0-0-0 a5 19. Rdh1 Rf7 20. gxf5 exf5 21. f4 a4 22. a3 Qc7 23. Bf3 Be6 24. Rh6 Rg7 25. Qf2 Rf8 26. Qh4 Rff7 27. Qg5 Qe7 28. Kd2 b5 29. Qg3 Qd7 30. Qf2 Qb7 31. g3 Qd7 32. Qg2 Re7 33. R6h4 Ref7 34. g4 fxg4 35. Bxg4 Bxg4 36. Rxg4 Rf5 37. Rg5 Rxg5 38. Qxg5 Qf5 39. Qd8+ Qf8 40. Qxd5+ Rf7 41. Qxb5 Kg7 42. Qe5+ Rf6 43. Qc7+ Rf7 44. Qxc4 Qb8 45. Kc2 Qa7 46. Re1 Qd7 47. d5 Rf5 48. Qd4+ Kg8 49. c4 Qb7 50. Rd1 Qb3+ 51. Kb1 Rf7 52. d6 Rd7 53. c5 Qb5 54. Qd5+ Kh8 55. c6 Rd8 56. Qxb5 1-0